American Capitals by First Letter - Statistics

General Stats
  • This quiz has been taken 299 times
  • The average score is 13 of 16
Answer Stats
Hint Answer % Correct
B Basseterre + 5
97%
M Managua + 2
94%
W Washington D.C.
90%
G Georgetown + 1
89%
P Panama City + 3
88%
C Caracas + 1
87%
S Saint George's + 6
86%
Q Quito
85%
L La Paz + 1
84%
O Ottawa
83%
A Asuncion
79%
H Havana
78%
K Kingston + 1
73%
N Nassau
63%
R Roseau
56%
T Tegucigalpa
55%
No matching quizzes found
Score Distribution
Percent of People with Each Score
Percentile by Number Answered
Your Score History
You have not taken this quiz